000 00445nam a2200157Ia 4500
005 20250529140321.0
008 231217s9999 xx 000 0 und d
020 _a9780070700345
082 _a620.106 CEN;11 R
100 _aCengel, Yunus A. Cimbala, John M.
245 0 _aFluid mechanics : fundamentals and applications in SI units
250 _a2nd ed.
260 _c2010
_bMc Graw Hill
_aNew Delhi
300 _axxvi, 980
942 _cAA
999 _c198534
_d198534